000 00489nam a22001817a 4500
005 20240923101722.0
008 240920b |||||||| |||| 00| 0 eng d
020 _a978-93-6180-400-7
041 _aeng
082 _a615.4
100 _aPHARMACY COUNCIL OF INDIA
_98578
245 _aD. PHARMA EXIT EXAMINATION [DPEE] KIT [ PAPER-1]
250 _a2ND ED. 2024
260 _aLUCKNOW
_bTHAKUR PUBLICATION PVT LTD
300 _aD-70; P
650 _aPHARMACY
_xD.PHARMA
942 _cBK
999 _c8707
_d8705